000 00330pab a2200145 454500
008 180718b1985 xxu||||| |||| 00| 0 eng d
100 _aDang, Satyapal
245 _aSikh problems
_bLooking back
260 _c1985
300 _a5-6,32
362 _a11 May
650 _aPunjab Politics
773 _aMainstream
909 _a16811
999 _c16811
_d16811